Financing small holder production (Record no. 3373)

000 -LEADER
fixed length control field 00459pab a2200145 454500
008 - FIXED-LENGTH DATA ELEMENTS--GENERAL INFORMATION
fixed length control field 180718b1986 xxu||||| |||| 00| 0 eng d
100 ## - MAIN ENTRY--PERSONAL NAME
Personal name Bratton, Micheal
245 ## - TITLE STATEMENT
Title Financing small holder production
Remainder of title A comparison of individual and group credit schemes in Zimababwe
260 ## - PUBLICATION, DISTRIBUTION, ETC.
Date of publication, distribution, etc. 1986
300 ## - PHYSICAL DESCRIPTION
Extent 115-32
362 ## - DATES OF PUBLICATION AND/OR SEQUENTIAL DESIGNATION
Dates of publication and/or sequential designation Apr.-June
650 ## - SUBJECT ADDED ENTRY--TOPICAL TERM
Topical term or geographic name entry element Agricultural Credit, Cooperative - Zimbabwe
773 ## - HOST ITEM ENTRY
Main entry heading Public Administration and Development
909 ## -
-- 3373
Holdings
Withdrawn status Lost status Damaged status Not for loan Permanent Location Current Location Date acquired Serial Enumeration / chronology Barcode Date last seen Price effective from Koha item type
        Indian Institute of Public Administration Indian Institute of Public Administration 2018-07-19 Volume no: 6, Issue no: 2 AR3374 2018-07-19 2018-07-19 Articles

Powered by Koha